| 000 | 03007cam a22004097i 4500 | ||
|---|---|---|---|
| 001 | 18327696 | ||
| 003 | EG-ScBUE | ||
| 005 | 20211208104154.0 | ||
| 008 | 141007t2015 ctua f b 001 0 eng d | ||
| 020 | _a9780300209488 | ||
| 035 | _a(OCoLC)ocn906878220 | ||
| 040 |
_aYDXCP _beng _erda _cNLM _dYDXCP _dBTCTA _dBDX _dERASA _dOCLCF _dAS0 _dEUW _dOWS _dNGU _dCOO _dZCU _dEYM _dNLGGC _dOCLCO _dOBE _dVRC _dDLC _dEG-ScBUE |
||
| 082 | 0 | 4 |
_a770.92 _bGOR _222 |
| 100 | 1 |
_aGordon, Sarah _q(Sarah Anne), _d1975- _eauthor. |
|
| 245 | 1 | 0 |
_aIndecent exposures : _bEadweard Muybridge's Animal locomotion nudes / _cSarah Gordon. |
| 264 | 1 |
_aNew Haven ; _aLondon : _bYale University Press, _c[2015] |
|
| 264 | 4 | _c©2015 | |
| 300 |
_aix, 173 pages : _billustrations (chiefly color) ; _c26 cm |
||
| 336 |
_atext _btxt _2rdacontent |
||
| 336 |
_astill image _bsti _2rdacontent |
||
| 337 |
_aunmediated _bn _2rdamedia |
||
| 338 |
_avolume _bnc _2rdacarrier |
||
| 504 | _aIncludes bibliographical references and index. | ||
| 505 | 0 | _aIntroduction -- Muybridge west and east -- A monumental work -- Distributing the nudes -- Fascination and fantasy -- Conclusion : still exposed. | |
| 520 | _a"Photographer Eadweard Muybridge (1830-1904), often termed the father of the motion picture, presented his iconic Animal Locomotion series in 1887. Produced under the auspices of the University of Pennsylvania and encompassing thousands of photographs of humans and animals in motion, the series included more than 300 plates of nude men and women engaged in activities such as swinging a baseball bat, playing leapfrog, and performing housework--an astonishing fact given the period's standards of propriety. In the first sustained examination of these nudes and the remarkable success of their production, wide circulation, and reception, Indecent Exposures positions this revolutionary enterprise as central to crucial advancements of the modern era. Muybridge's nudes ushered in new attitudes toward science and progress, including Darwinian ideas about human evolution and hierarchy; quickened debates over the role of photography and scientific investigation in art; and offered innovative perspectives on the human body. This fascinating story is copiously illustrated and includes many lesser-known photographs published here for the first time."--Dust jacket. | ||
| 600 | 1 | 7 |
_aMuybridge, Eadweard, _d1830-1904. _tAnimal locomotion. _2BUEsh |
| 600 | 1 | 7 |
_aMuybridge, Eadweard, _d1830-1904 _xCriticism and interpretation. _2BUEsh |
| 650 | 7 |
_aPhotography of the nude. _2BUEsh |
|
| 650 | 7 |
_aNude in art. _2BUEsh |
|
| 653 |
_bART _cDecember2021 |
||
| 655 |
_vReading book _934232 |
||
| 856 | 4 | 2 |
_3Contributor biographical information _uhttps://www.loc.gov/catdir/enhancements/fy1617/2014953547-b.html |
| 856 | 4 | 2 |
_3Publisher description _uhttps://www.loc.gov/catdir/enhancements/fy1617/2014953547-d.html |
| 906 |
_a7 _bcbc _ccopycat _d2 _eepcn _f20 _gy-gencatlg |
||
| 942 |
_2ddc _cBB |
||
| 999 |
_c29704 _d29675 |
||